Normal view
MARC view
Entry Personal Name
001 - CONTROL NUMBER
- control field: 15843
003 - CONTROL NUMBER IDENTIFIER
- control field: ARRUPE
005 - DATE AND TIME OF LATEST TRANSACTION
- control field: 20150306111020.0
008 - FIXED-LENGTH DATA ELEMENTS
- fixed length control field: 150306|| aca||aabn | a|a d
040 ## - CATALOGING SOURCE
- Original cataloging agency: ARRUPE
- Transcribing agency: ARRUPE
100 ## - HEADING--PERSONAL NAME
- Personal name: Amnesty International
670 ## - SOURCE DATA FOUND
- Source citation: Work cat.: (ARRUPE)122167: Forrest, Duncan (ed.) 15464, A Glimpse of hell:, 1996